Kirchenordnung, Kirchengemeindeordnung, Kirchengemeindewahlordnung, Dekanatssynodalordnung, Dekanatssynodalwahlordnung, Kirchensynodalwahlordnung der Evangelischen Kirche in Hessen und Nassau

Saved in:  
Bibliographic Details
Subtitles:Dekanatssynodalordnung
Kirchengemeindeordnung
Corporate Author: Evangelische Kirche in Hessen und Nassau. Darmstadt (Other)
Format: Print Book
Language:German
Subito Delivery Service: Order now.
Check availability: HBZ Gateway
WorldCat: WorldCat
Interlibrary Loan:Interlibrary Loan for the Fachinformationsdienste (Specialized Information Services in Germany)
Published: Darmstadt Hausdruckerei der EKHN 1985
In:Overdr. uit: Rechtsquellen der Evangelischen Kirche in Hessen und Nassau
Edition:geänd. Aufl
Sammlungen:

MARC

LEADER 00000cam a22000002c 4500
001 244865914
003 DE-627
005 20240909114903.0
007 tu
008 980609s1985 gw ||||| 00| ||ger c
035 |a (DE-627)244865914 
035 |a (DE-576)9244865912 
035 |a (DE-599)GBV244865914 
035 |a (OCoLC)833394492 
040 |a DE-627  |b ger  |c DE-627  |e rakwb 
041 |a ger 
044 |c XA-DE 
245 0 0 |a Kirchenordnung, Kirchengemeindeordnung, Kirchengemeindewahlordnung, Dekanatssynodalordnung, Dekanatssynodalwahlordnung, Kirchensynodalwahlordnung der Evangelischen Kirche in Hessen und Nassau 
246 3 3 |a Kirchengemeindeordnung 
246 3 3 |a Dekanatssynodalordnung 
250 |a geänd. Aufl 
264 1 |a Darmstadt  |b Hausdruckerei der EKHN  |c 1985 
300 |a .. p  |c 21 cm 
336 |a Text  |b txt  |2 rdacontent 
337 |a ohne Hilfsmittel zu benutzen  |b n  |2 rdamedia 
338 |a Band  |b nc  |2 rdacarrier 
500 |a Stand 1. Januar 1985 
601 |a Kirchenordnung 
601 |a Evangeliar 
710 2 |a Evangelische Kirche in Hessen und Nassau  |g Darmstadt  |b Kirchenverwaltung  |4 oth 
773 0 8 |i Overdr. uit  |a Rechtsquellen der Evangelischen Kirche in Hessen und Nassau 
935 |a JALB  |a mteo 
951 |a BO 
ELC |b 1 
LOK |0 000 xxxxxcx a22 zn 4500 
LOK |0 001 457801911X 
LOK |0 003 DE-627 
LOK |0 004 244865914 
LOK |0 005 20240909112911 
LOK |0 008 240909||||||||||||||||ger||||||| 
LOK |0 040   |a DE-Tue135  |c DE-627  |d DE-Tue135 
LOK |0 092   |o n 
LOK |0 852   |a DE-Tue135 
LOK |0 852 1  |9 00 
LOK |0 866   |x SPQUE#Johannes a Lasco Bibliothek 
LOK |0 935   |a JALB 
LOK |0 939   |a 09-09-24  |b l01 
ORI |a SA-MARC-ixtheoa001.raw